000 00464nam a2200181Ia 4500
005 20250603144844.0
008 250603s9999 xx 000 0 und d
020 _a9789780456688
050 _aHF 5351 .G33/
100 _aGabril, Shaibu Ogwuche
245 0 _aElements of business : a comprehensive approach
260 _aOwerri, Imo State
260 _bTamTam Publishers
260 _c2021
300 _a332 p
650 _aOwerri, Imo State
942 _cBK
999 _c40150
_d40150